000 00892nam a2200277Ia 4500
003 OSt
005 20220925215200.0
006 a|||||r|||| 00| 0
007 ta
008 220923b |||||||| |||| 00| 0 eng d
020 _a0435838040
037 _cGeneral Book
040 _aRTL
_cRTL
_beng
041 _2eng
_aeng
082 _aX0aW,3.5.N7, M0
100 _aCoombes David
_9107917
245 0 _aParliaments and economic affairs in Britain, France,italy and the netherlands
260 _aLondon
_bHeinemann
_c1980
300 _ax,238p
_ccm.
490 _aPolicy Studies Institute, European Centre for Political Studies Publication
500 _aBibliography: P 229-32
650 _aEconomics IRT Political Science
700 _a Walkland S A Ed.
942 _hX0aW,3.5.N7, M0
_cGB
_2CC
999 _c568124
_d568124